Die 23 Bezirke Tokios - Statistiken

Allgemein
  • Dieses Quiz wurde 190 mal gespielt
  • Das Durchschnittsergebnis liegt bei 9 aus 23
Antworten auf der Karte
Die Antworten werden auf der Karte rot bzw. grün angezeigt, abhängig davon wie oft sie richtig erraten wurden.
 
Antwortstatistiken
Bezirke % Korrekt
Shibuya
85%
Shinjuku
74%
Minato
45%
Edogawa
41%
Chuo
38%
Ota
38%
Kita
37%
Setagaya
37%
Nakano
36%
Chiyoda
34%
Koto
33%
Meguro
33%
Nerima
33%
Adachi
32%
Shinagawa
32%
Itabashi
30%
Katsushika
30%
Suginami
30%
Arakawa
29%
Bunkyo
29%
Sumida
29%
Taito
29%
Toshima
29%
Keine übereinstimmenden Quizze gefunden
Verteilung der Resultate
Anzahl Personen mit jedem Resultat
Perzentil nach korrekt beantworteten Fragen
Ihre Resultats-Entwicklung
Sie haben dieses Quiz noch nicht gespielt